Bilupta jagat (The Lost World)/ (Record no. 12029)

MARC details
000 -LEADER
fixed length control field 00583nam a22001937a 4500
005 - DATE AND TIME OF LATEST TRANSACTION
control field 20241205061017.0
008 - FIXED-LENGTH DATA ELEMENTS--GENERAL INFORMATION
fixed length control field 241205b |||||||| |||| 00| 0 eng d
040 ## - CATALOGING SOURCE
Original cataloging agency IN-DiNC
Transcribing agency IN-DiNC
041 ## - LANGUAGE CODE
Language code of sung or spoken text Assamese
082 ## - DEWEY DECIMAL CLASSIFICATION NUMBER
Classification number 823
Item number DOY
100 ## - MAIN ENTRY--PERSONAL NAME
Personal name Doyle, Arthur Conan
Relator term Author
245 ## - TITLE STATEMENT
Title Bilupta jagat (The Lost World)/
Statement of responsibility, etc. by Arthur Conan Doyle and translated by Raihan Shah
250 ## - EDITION STATEMENT
Edition statement 6th ed.
260 ## - PUBLICATION, DISTRIBUTION, ETC.
Place of publication, distribution, etc. Guwahati:
Name of publisher, distributor, etc. Publication Board Assam,
Date of publication, distribution, etc. 2014.
300 ## - PHYSICAL DESCRIPTION
Extent 211p.
650 ## - SUBJECT ADDED ENTRY--TOPICAL TERM
Topical term or geographic name entry element English Novel translated to Assamese
700 ## - ADDED ENTRY--PERSONAL NAME
Personal name Shah, Raihan
Relator term Translator
942 ## - ADDED ENTRY ELEMENTS (KOHA)
Source of classification or shelving scheme Dewey Decimal Classification
Koha item type Books
Holdings
Withdrawn status Lost status Source of classification or shelving scheme Damaged status Not for loan Collection code Home library Current library Shelving location Date acquired Cost, normal purchase price Total Checkouts Full call number Barcode Date last seen Copy number Price effective from Koha item type
    Dewey Decimal Classification     Assamese Central Library, Naharkatiya College Central Library, Naharkatiya College General Stacks 05/12/2024 150.00   823 DOY 26094 05/12/2024 1 05/12/2024 Books

Naharkatiya College © 2020. All rights reserved.

Powered By